| 000 | 00000nam##2200000za#4500 |
| 001 | 9.634565 |
| 003 | CaOODSP |
| 005 | 20221104105554 |
| 007 | cr ||||||||||| |
| 008 | 150407|2007||||xxc|||||o f|0| 0 fre|d |
| 020 | |a978-0-662-07188-4 |
| 040 | |aCaOODSP|bfre |
| 043 | |an-cn--- |
| 086 | 1 |aR64-350/2007F-PDF |
| 110 | 2 |aParcs Canada. |
| 245 | 10|aAgrandissement proposé de la Réserve de parc national Nahanni : |h[ressource électronique]|brecherche socioécnomique |
| 260 | |aGatineau - Québec : |bParcs Canada |cOctobre 2007. |
| 300 | |a2p.|btableau |
| 500 | |aLe n° de catalogue (R64-350/2007F) et l'ISBN (978-0-662-07187-7) imprimés dans la publication électronique sont incorrects. |
| 590 | |a13-24-Supp|b2013-10-18 |
| 691 | 07|aLieu historique|2gcpds |
| 775 | 08|tProposed expansion of Nahanni National Park Reserve : |w(CaOODSP)9.690192 |
| 856 | 40|ahttp://publications.gc.ca|qPDF|s66 Ko|uhttps://publications.gc.ca/collections/collection_2013/pc/R64-350-2007-fra.pdf |